[Event "ESP-chT CECLUB GpA"]
[Site "Sabadell"]
[Date "2011.09.02"]
[Round "5"]
[White "Oms Pallisse, Josep"]
[Black "Martinez Villar, Jesus"]
[Result "1-0"]
[WhiteElo "2489"]
[BlackElo "2096"]
[PlyCount "47"]
[EventDate "2011.08.29"]
[EventType "team-tourn"]
[EventRounds "5"]
[EventCountry "ESP"]
[SourceTitle "CBM 144 Extra"]
[Source "ChessBase"]
[SourceDate "2011.10.28"]
[SourceVersion "1"]
[SourceVersionDate "2011.10.28"]
[SourceQuality "1"]
[WhiteTeam "Barcelona Escola Escacs"]
[BlackTeam "Silla"]
[WhiteTeamCountry "ESP"]
[BlackTeamCountry "ESP"]

1. d4 Nf6 2. c4 e6 3. Nc3 c5 4. d5 exd5 5. cxd5 Bd6 6. Bg5 0-0 7. Nf3 Re8 8. e3 a6 9. a4 Bc7 10. d6 Ba5 11. Bd3 h6 12. Bh4 b6 13. 0-0 Bxc3 14. bxc3 Bb7 15. Nd2 Re6 16. Bg3 Qc8 17. Re1 Qc6 18. e4 b5 19. Rb1 c4 20. Bc2 Qc5 21. e5 Nd5 22. Ne4 Qa3 23. Qd4 b4 24. Qxc4 1-0

[Event "ESP-chT CECLUB GpA"]
[Site "Sabadell"]
[Date "2011.09.01"]
[Round "4"]
[White "Martinez Villar, Jesus"]
[Black "Fernandez Romero, Ernesto"]
[Result "0-1"]
[WhiteElo "2096"]
[BlackElo "2479"]
[PlyCount "68"]
[EventDate "2011.08.29"]
[EventType "team-tourn"]
[EventRounds "5"]
[EventCountry "ESP"]
[SourceTitle "CBM 144 Extra"]
[Source "ChessBase"]
[SourceDate "2011.10.28"]
[SourceVersion "1"]
[SourceVersionDate "2011.10.28"]
[SourceQuality "1"]
[WhiteTeam "Silla"]
[BlackTeam "Binissalem"]
[WhiteTeamCountry "ESP"]
[BlackTeamCountry "ESP"]

1. d4 c5 2. d5 e5 3. Nc3 d6 4. e4 Nf6 5. Bb5+ Nbd7 6. a4 Be7 7. Nf3 0-0 8. 0-0 Ne8 9. Be3 g6 10. Bh6 Ng7 11. Qd2 Nf6 12. h3 Kh8 13. a5 a6 14. Bd3 Bd7 15. Na4 c4 16. Bxc4 Nxe4 17. Qe2 Bxa4 18. Rxa4 f5 19. Ra3 Rc8 20. Ba2 Re8 21. c4 Ng5 22. Bxg5 Bxg5 23. Nxg5 Qxg5 24. b4 Nh5 25. Kh1 e4 26. Qb2+ Kg8 27. c5 Nf4 28. Rg3 Nd3 29. Qd4 Qe7 30. f3 Nf4 31. fxe4 Ne2 32. Qf2 Nxg3+ 33. Qxg3 Qxe4 34. Qxd6 Qe2 0-1